Obchod marketing, retail, FMCG: [Dvojmesačník o maloobchode, veľkoobchode a distribúcii]

Salvato in:
Dettagli Bibliografici
Natura: Periodico
Lingua:slovacco
Pubblicazione: Bratislava MAFRA
Soggetti:
Tags: Aggiungi Tag
Nessun Tag, puoi essere il primo ad aggiungerne!!

MARC

LEADER 00000nas1a2200000 4500
001 s121282
005 20260306113903.9
022 |a 1335-2008 
041 0 |a slo 
044 |a SK 
245 1 0 |a Obchod  |b marketing, retail, FMCG: [Dvojmesačník o maloobchode, veľkoobchode a distribúcii] 
264 1 |a Bratislava  |b MAFRA 
500 |a Má samostanú nepredajnú prílohu Logistika magazine 
610 2 0 |a obchod 
610 2 0 |a stratégia obchodná 
610 2 0 |a distribúcia